| 000 | 01323nam0a22002291 4500 | ||
|---|---|---|---|
| 001 | rc\4319952 | ||
| 005 | 20260407135119.0 | ||
| 035 | _a(NLR Aleph) 008265888 | ||
| 090 |
_a8425693 _c8425693 |
||
| 100 | _a20130416a19689999|||y0rusy50 ca | ||
| 101 | 0 | _arus | |
| 102 | _aRU | ||
| 105 | _ay ac ||||| | ||
| 200 | 1 |
_aБиблиографический указатель инструктивных материалов по строительству магистральных трубопроводов и газонефтепромысловых сооружений, выпущенных Институтом _fМ-во газовой пром-сти. Всесоюз. науч.-исслед. ин-т по строительству магистральных трубопроводов |
|
| 210 |
_aМосква _cОНТИВНИИСТа _d1968- |
||
| 710 | 0 | 2 |
_aВНИИ по строительству магистральных трубопроводов _3RU\NLR\AUTH\8810003598 _9504477 |
| 801 | 0 |
_aRU _bNLR _gpsbo |
|
| 801 | 1 |
_aRU _bELAR _2rusmarc |
|
| 830 | _aПеречень имеющихся в библиотеке томов, номеров, годов этого издания смотри в каталоге периодических изданий | ||
| 852 |
_aNLR _jС349а-410/Б-59 |
||
| 942 | _cBOOK | ||
| 980 | _aNB | ||